[Event "TCh-AUT 2012-13"]
[Site "Graz AUT"]
[Date "2013.01.20"]
[Round "7.1"]
[White "Lenic, L."]
[Black "Hracek, Z."]
[Result "1/2-1/2"]
[WhiteElo "2637"]
[BlackElo "2615"]
[PlyCount "121"]
[EventDate "2012.11.02"]
[SourceDate "1999.07.01"]
[WhiteTeam "SV Raika Rapid Feffernitz"]
[BlackTeam "SK Zwettl"]

1. d4 Nf6 2. c4 e6 3. Nf3 b6 4. a3 Bb7 5. Nc3 g6 6. d5 Bg7 7. g3 O-O 8. Bg2 c6
9. Nh4 cxd5 10. cxd5 Nxd5 11. Nxd5 Bxd5 12. Bxd5 exd5 13. Qxd5 Nc6 14. Nf3 Qe7
15. e3 Qe6 16. Qd3 d5 17. O-O Qe4 18. Qd1 Rfd8 19. Nd2 Qf5 20. Nf3 d4 21. exd4
Nxd4 22. Nxd4 Bxd4 23. Qb3 Bc5 24. Be3 Rd3 25. Qc4 Bxe3 26. fxe3 Rc8 27. Rxf5
Rxc4 28. Rf2 Rxe3 29. Rd1 Rc7 30. Kg2 Kg7 31. Rdd2 Rce7 32. Rd5 h5 33. a4 R3e4
34. b3 Rb4 35. Rd3 h4 36. Rf4 Rxf4 37. gxf4 Re4 38. Kf3 Rb4 39. Kg4 Kf6 40. Rc3
a5 41. h3 Kg7 42. Rf3 Kh6 43. Kxh4 g5+ 44. Kg3 gxf4+ 45. Kf2 Kg5 46. Rc3 Kf5
47. Kf3 Rd4 48. Ke2 Ke4 49. h4 Kf5 50. h5 Kg4 51. Rc6 Rb4 52. h6 Rxb3 53. Rf6
Rb2+ 54. Kd3 Rh2 55. Ke4 Kg5 56. Rxf7 Rxh6 57. Rf5+ Kg6 58. Rxf4 Rh3 59. Kd5
Rb3 60. Kc6 Rb4 61. Rf1 1/2-1/2

[Event "ITT Cerrado LAB GM"]
[Site "Bogota COL"]
[Date "2012.12.17"]
[Round "1.1"]
[White "Almeida Quintana, O."]
[Black "Cordova, E."]
[Result "1/2-1/2"]
[WhiteElo "2506"]
[BlackElo "2564"]
[PlyCount "27"]
[EventDate "2012.12.17"]
[SourceDate "1999.07.01"]

1. d4 Nf6 2. c4 e6 3. Nf3 b6 4. a3 Bb7 5. Nc3 d5 6. cxd5 Nxd5 7. Qc2 Nd7 8. Bg5
Be7 9. Bxe7 Nxe7 10. e3 O-O 11. Bd3 h6 12. O-O c5 13. Rad1 cxd4 14. Nxd4
1/2-1/2

[Event "22nd North American Open"]
[Site "Las Vegas USA"]
[Date "2012.12.29"]
[Round "8.1"]
[White "Ramirez, Alej"]
[Black "Gareev, T."]
[Result "0-1"]
[WhiteElo "2554"]
[BlackElo "2663"]
[PlyCount "40"]
[EventDate "2012.12.26"]
[EventType "swiss"]
[SourceDate "1999.07.01"]

1. d4 Nf6 2. c4 e6 3. Nf3 b6 4. g3 Ba6 5. Qc2 Bb7 6. Bg2 c5 7. d5 exd5 8. cxd5
Nxd5 9. O-O Be7 10. Rd1 Nc6 11. Qf5 Nf6 12. Nc3 O-O 13. e4 g6 14. Qh3 h5 15.
Nd5 Nxd5 16. Rxd5 Nd4 17. Rxd7 Bc8 18. Rxd8 Rxd8 19. Nxd4 Bxh3 20. Bxh3 Rxd4
0-1

[Event "SportAccord Blindfold Men 2012"]
[Site "Beijing CHN"]
[Date "2012.12.19"]
[Round "5.1"]
[White "Aronian, L."]
[Black "Leko, P."]
[Result "1/2-1/2"]
[WhiteElo "2815"]
[BlackElo "2732"]
[PlyCount "112"]
[EventDate "2012.12.18"]
[SourceDate "1999.07.01"]

1. d4 Nf6 2. c4 e6 3. Nf3 b6 4. Bf4 Bb7 5. e3 Bb4+ 6. Nbd2 Be7 7. h3 O-O 8. Be2
d5 9. cxd5 Nxd5 10. Bg3 Nd7 11. O-O c5 12. Rc1 Rc8 13. a3 N5f6 14. Nb3 cxd4 15.
Rxc8 Qxc8 16. Nbxd4 a6 17. Qb1 Qa8 18. Rc1 Rc8 19. Rxc8+ Qxc8 20. Nd2 b5 21.
Qc2 Qxc2 22. Nxc2 Nb6 23. Be5 Nfd7 24. Bd4 e5 25. Bxb6 Nxb6 26. Bf3 Bc8 27. Nb4
f5 28. Nd5 Nxd5 29. Bxd5+ Kf8 30. e4 g6 31. Kf1 Bd6 32. Ke2 Ke7 33. Nb3 Bd7 34.
Bb7 b4 35. Bxa6 bxa3 36. bxa3 Bxa3 37. Bd3 Kf6 38. Nd2 Bb4 39. Nc4 Be6 40. Ne3
Bc5 41. Nd5+ Bxd5 42. exd5 e4 43. Bc4 Ke5 44. d6 Bxd6 45. f3 Kf4 46. fxe4 fxe4
47. Bd5 g5 48. Ba8 h5 49. Bb7 g4 50. hxg4 hxg4 51. Ba8 e3 52. Bb7 Kg3 53. Ba8
Kh2 54. Bb7 Kg3 55. Ba8 Kh2 56. Bb7 Kg3 1/2-1/2

[Event "World Cities Team GpD"]
[Site "Al-Ain UAE"]
[Date "2012.12.22"]
[Round "1.5"]
[White "Kazhgaleyev, M."]
[Black "Lupulescu, C."]
[Result "1/2-1/2"]
[WhiteElo "2596"]
[BlackElo "2618"]
[PlyCount "110"]
[EventDate "2012.12.22"]
[SourceDate "1999.07.01"]
[WhiteTeam "Astana"]
[BlackTeam "Timisoara"]

1. d4 Nf6 2. c4 e6 3. Nf3 b6 4. g3 Bb4+ 5. Bd2 Bxd2+ 6. Qxd2 Ba6 7. Na3 d6 8.
Bg2 Bb7 9. O-O O-O 10. Nb5 Nbd7 11. Rfd1 a6 12. Nc3 Ne4 13. Qc2 Nxc3 14. Qxc3
Be4 15. Rac1 Qe7 16. Bf1 f5 17. Nd2 Bb7 18. d5 a5 19. Bg2 f4 20. Ne4 Nc5 21.
Nxc5 bxc5 22. Rd2 e5 23. b3 e4 24. gxf4 Rxf4 25. f3 exf3 26. exf3 Bc8 27. Rf2
Bd7 28. Re1 Qf6 29. Qxf6 Rxf6 30. Rfe2 a4 31. Kf2 Kf8 32. Kg3 Rg6+ 33. Kf2 Rf6
34. Kg3 axb3 35. axb3 Rg6+ 36. Kf2 Rf6 37. Kg3 Rb8 38. Re3 Rg6+ 39. Kf2 Rf6 40.
Ra1 Bf5 41. Ra7 Rf7 42. Bf1 g6 43. Be2 Bc2 44. Ra2 Bf5 45. Ra7 Re8 46. Rxe8+
Kxe8 47. b4 cxb4 48. Rb7 Kd7 49. Rxb4 Rf8 50. Bd1 Kc8 51. h4 Bd7 52. Kg3 Re8
53. Kf2 Rf8 54. Kg3 Re8 55. Kf2 Rf8 1/2-1/2

[Event "SportAccord Rapid Women 2012"]
[Site "Beijing CHN"]
[Date "2012.12.14"]
[Round "1.1"]
[White "Koneru, H."]
[Black "Zhao Xue"]
[Result "1-0"]
[WhiteElo "2610"]
[BlackElo "2565"]
[PlyCount "101"]
[EventDate "2012.12.14"]
[SourceDate "1999.07.01"]

1. d4 Nf6 2. c4 e6 3. Nf3 b6 4. g3 Ba6 5. Qa4 c5 6. Bg2 Bb7 7. dxc5 Bxc5 8. O-O
O-O 9. Nc3 Be7 10. Bf4 Na6 11. Rfd1 Nc5 12. Qc2 Qc8 13. Rac1 Nce4 14. Nd4 Nxc3
15. Qxc3 Rd8 16. Nb5 Bxg2 17. Kxg2 a6 18. Bd6 Ne4 19. Qf3 Bg5 20. Qxe4 Bxc1 21.
Nc7 Ra7 22. Rxc1 Rxc7 23. Bxc7 Qxc7 24. Rd1 b5 25. cxb5 axb5 26. Rd3 h6 27. Rc3
Qa5 28. a3 d5 29. Qf4 Qa4 30. b4 Qa6 31. Rc7 Rf8 32. Qf3 Qa8 33. h4 d4 34. Rxf7
Qxf3+ 35. Rxf3 Rc8 36. Rd3 e5 37. f4 exf4 38. gxf4 Rc4 39. Kf3 Kf7 40. Ke4 Rc2
41. Kxd4 Rxe2 42. Kc5 Rf2 43. Kxb5 Rxf4 44. a4 Rxh4 45. a5 Rh1 46. Ra3 Re1 47.
a6 Re5+ 48. Kb6 Re6+ 49. Ka5 g5 50. a7 Re8 51. b5 1-0

[Event "SportAccord Rapid Women 2012"]
[Site "Beijing CHN"]
[Date "2012.12.14"]
[Round "3.2"]
[White "Koneru, H."]
[Black "Cramling, P."]
[Result "1-0"]
[WhiteElo "2610"]
[BlackElo "2516"]
[PlyCount "83"]
[EventDate "2012.12.14"]
[SourceDate "1999.07.01"]

1. d4 Nf6 2. c4 e6 3. Nf3 b6 4. g3 Bb4+ 5. Bd2 Bxd2+ 6. Nbxd2 Bb7 7. Bg2 O-O 8.
O-O c5 9. Rc1 Qc7 10. e3 d6 11. Qe2 Nc6 12. Rfd1 Rfe8 13. Nb1 a6 14. Nc3 cxd4
15. exd4 Rac8 16. a3 e5 17. Nd5 Qd8 18. dxe5 Nxe5 19. Nxe5 Rxe5 20. Nxf6+ Qxf6
21. Qg4 h5 22. Qh3 Qe7 23. Bxb7 Qxb7 24. Rxd6 Rce8 25. Qf1 Re2 26. Rd5 Rxb2 27.
Re1 Qc6 28. Rxh5 g6 29. Rh4 Re6 30. Rxe6 Qxe6 31. Qd1 Qf6 32. Qe1 Kf8 33. Rf4
Qe7 34. Qc3 Rb1+ 35. Kg2 Kg8 36. Rh4 f6 37. Qc2 Re1 38. Qxg6+ Qg7 39. Qf5 Qb7+
40. Kh3 Qe7 41. Qc8+ Qe8 42. Qg4+ 1-0

[Event "SportAccord Blitz Women 2012"]
[Site "Beijing CHN"]
[Date "2012.12.16"]
[Round "7.1"]
[White "Cramling, P."]
[Black "Zhao Xue"]
[Result "1/2-1/2"]
[WhiteElo "2516"]
[BlackElo "2565"]
[PlyCount "148"]
[EventDate "2012.12.16"]
[SourceDate "1999.07.01"]

1. d4 Nf6 2. Nf3 e6 3. c4 b6 4. a3 Bb7 5. Nc3 d5 6. Bg5 Be7 7. Bxf6 Bxf6 8.
cxd5 exd5 9. g3 O-O 10. Bg2 c5 11. O-O Nd7 12. e3 Rc8 13. dxc5 Nxc5 14. Nd4 Ne4
15. Nce2 Re8 16. Rc1 Qe7 17. Qa4 a6 18. Rxc8 Rxc8 19. Nf4 b5 20. Qd1 g6 21. Qe2
Qc5 22. Rd1 Qc4 23. Bf1 Qc5 24. Bg2 Qe7 25. Nb3 Rd8 26. Bh3 b4 27. a4 h5 28.
Bg2 Qe5 29. Nd4 Rc8 30. Bh3 Rc4 31. Bg2 Qc7 32. f3 Bxd4 33. fxe4 Be5 34. Nxd5
Qc5 35. h4 Rc2 36. Rd2 Rxb2 37. Rxb2 Qc1+ 38. Kh2 Bxb2 39. Qf2 b3 40. e5 Bxd5
41. Bxd5 Qc7 42. e6 Bg7 43. exf7+ Kf8 44. Bxb3 Qc3 45. Be6 Qb2 46. Qxb2 Bxb2
47. Bd5 Ba3 48. Kg2 Kg7 49. Kf3 Kf6 50. g4 hxg4+ 51. Kxg4 Bc5 52. e4 Bd6 53. h5
gxh5+ 54. Kxh5 Bf8 55. Kg4 Bd6 56. Kf3 Ke5 57. Ke2 Kd4 58. Kd2 a5 59. Kc2 Ke5
60. Kd3 Kf6 61. Kc4 Ke7 62. Kb5 Bb4 63. e5 Bc3 64. e6 Bb4 65. Kc6 Bc3 66. Kc5
Bb4+ 67. Kd4 Ba3 68. Ke4 Bb4 69. Kf5 Kf8 70. Kf6 Be7+ 71. Kg6 Bb4 72. Kf6 Be7+
73. Kg6 Bb4 74. Kf6 Be7+ 1/2-1/2

[Event "SportAccord Blitz Women 2012"]
[Site "Beijing CHN"]
[Date "2012.12.17"]
[Round "10.7"]
[White "Cramling, P."]
[Black "Kosteniuk, A."]
[Result "1/2-1/2"]
[WhiteElo "2516"]
[BlackElo "2501"]
[PlyCount "137"]
[EventDate "2012.12.16"]
[SourceDate "1999.07.01"]

1. d4 Nf6 2. Nf3 e6 3. c4 b6 4. Nc3 Bb4 5. e3 Ne4 6. Qc2 Bb7 7. Be2 O-O 8. O-O
Bxc3 9. bxc3 d6 10. Ne1 f5 11. Nd3 Nd7 12. f3 Nef6 13. c5 bxc5 14. Nf4 Qe7 15.
Qb3 Bd5 16. Nxd5 exd5 17. c4 cxd4 18. cxd5 Rae8 19. Bd3 Nc5 20. Qc2 Nxd3 21.
Qxd3 dxe3 22. Qxf5 Qf7 23. Re1 Qxd5 24. Qc2 e2 25. Bb2 Qe6 26. Qxc7 Rf7 27. Qc2
Nd5 28. Rac1 Nf4 29. Bd4 Qd5 30. Bf2 Nd3 31. Qd2 Qf5 32. Rc4 Nxe1 33. Bxe1 Qb1
34. Rd4 Rf6 35. h4 Rc8 36. Qxe2 Qc2 37. Rd2 Qg6 38. Bf2 Qf5 39. Kh2 Re6 40. Qd1
Rd8 41. Rd5 Qf6 42. Bg3 h6 43. Ra5 Rd7 44. Rd5 Qg6 45. Ra5 Qe8 46. Qd3 Re2 47.
Rd5 Re6 48. Ra5 Kh8 49. Rd5 Re3 50. Qd4 Re2 51. Ra5 Qf7 52. Rb5 Qxa2 53. Rb8+
Kh7 54. Qd3+ g6 55. Kh3 Qe6+ 56. Kh2 Qa2 57. Kh3 Rxg2 58. Qd4 Rxg3+ 59. Kxg3
Rg7 60. Qxd6 Qe2 61. Qd8 Qe5+ 62. Kg2 Qe2+ 63. Kg3 Qe5+ 64. Kg2 g5 65. h5 Qe2+
66. Kg3 Qe5+ 67. Kg2 Qe2+ 68. Kg3 Qe5+ 69. Kg2 1/2-1/2

[Event "Amplico ch-EUR Rapid"]
[Site "Warsaw POL"]
[Date "2012.12.16"]
[Round "9.5"]
[White "Miton, K."]
[Black "Rozentalis, E."]
[Result "1/2-1/2"]
[WhiteElo "2626"]
[BlackElo "2602"]
[PlyCount "44"]
[EventDate "2012.12.15"]
[SourceDate "1999.07.01"]

1. Nf3 Nf6 2. c4 b6 3. d4 e6 4. g3 Bb7 5. Bg2 Be7 6. O-O O-O 7. Re1 a5 8. Bg5
Ne4 9. Bxe7 Qxe7 10. Nfd2 Nxd2 11. Bxb7 Ra7 12. Qxd2 Rxb7 13. Nc3 Qb4 14. b3 d5
15. cxd5 exd5 16. Qc2 c6 17. e4 dxe4 18. Rxe4 Qd6 19. Rae1 Nd7 20. Re7 Rbb8 21.
Qf5 Nf6 22. Qe5 Rbd8 1/2-1/2

[Event "Amplico ch-EUR Rapid"]
[Site "Warsaw POL"]
[Date "2012.12.16"]
[Round "11.12"]
[White "Riazantsev, A."]
[Black "Maiorov, N1."]
[Result "1/2-1/2"]
[WhiteElo "2705"]
[BlackElo "2541"]
[PlyCount "24"]
[EventDate "2012.12.15"]
[SourceDate "1999.07.01"]

1. d4 Nf6 2. c4 e6 3. Nf3 b6 4. a3 Ba6 5. Qb3 d5 6. cxd5 Qxd5 7. Qc2 c5 8. Nc3
Qd7 9. dxc5 Bxc5 10. g3 Nc6 11. Bg2 Bb7 12. O-O Nd4 1/2-1/2

[Event "Amplico ch-EUR Blitz"]
[Site "Warsaw POL"]
[Date "2012.12.14"]
[Round "7.1"]
[White "Sargissian, G."]
[Black "Socko, B."]
[Result "1-0"]
[WhiteElo "2666"]
[BlackElo "2631"]
[PlyCount "80"]
[EventDate "2012.12.14"]
[SourceDate "1999.07.01"]

1. d4 Nf6 2. Nf3 e6 3. c4 b6 4. g3 Bb7 5. Bg2 c5 6. d5 exd5 7. cxd5 Bxd5 8. Nc3
Bc6 9. O-O Be7 10. e4 d6 11. Nh4 O-O 12. Nf5 Re8 13. Bf4 Bf8 14. Re1 Nbd7 15.
Nxd6 Bxd6 16. Bxd6 Ne5 17. Bxe5 Rxe5 18. Qxd8+ Rxd8 19. Rad1 Rxd1 20. Rxd1 g5
21. f4 gxf4 22. gxf4 Re8 23. e5 Bxg2 24. Kxg2 Nh5 25. Kf3 Kf8 26. Ne4 Ng7 27.
Nf6 Rc8 28. Nxh7+ Ke7 29. Nf6 Nf5 30. Ke4 Ke6 31. h4 c4 32. Nd5 b5 33. h5 Ng3+
34. Kf3 Nxh5 35. Ne3 Ng7 36. Rd6+ Ke7 37. f5 Ne8 38. Rd4 Rd8 39. Ke4 Rxd4+ 40.
Kxd4 a6 1-0

[Event "Amplico ch-EUR Blitz"]
[Site "Warsaw POL"]
[Date "2012.12.14"]
[Round "8.1"]
[White "Moranda, W."]
[Black "Sargissian, G."]
[Result "0-1"]
[WhiteElo "2559"]
[BlackElo "2666"]
[PlyCount "116"]
[EventDate "2012.12.14"]
[SourceDate "1999.07.01"]

1. d4 Nf6 2. c4 e6 3. Nf3 b6 4. g3 c6 5. Bg2 Be7 6. O-O d5 7. Nbd2 O-O 8. Qc2
Bb7 9. e4 Na6 10. a3 c5 11. cxd5 exd5 12. e5 Ne4 13. dxc5 Naxc5 14. b4 Ne6 15.
Bb2 Rc8 16. Qb3 d4 17. Nxe4 Bxe4 18. Rac1 Qd7 19. Nd2 Bxg2 20. Kxg2 d3 21. Nf3
h6 22. Rxc8 Rxc8 23. Rd1 Rd8 24. Ne1 d2 25. Nf3 Qc6 26. Qc3 Qxc3 27. Bxc3 Rd3
28. Bxd2 Rxa3 29. Rb1 Ra2 30. Be3 b5 31. Ne1 a6 32. Nd3 Ra3 33. Nc5 Bxc5 34.
bxc5 Rc3 35. Ra1 Nxc5 36. Bxc5 Rxc5 37. Rxa6 Rxe5 38. Rb6 Rc5 39. h4 g5 40.
hxg5 hxg5 41. Kf3 Kg7 42. Kg4 f6 43. f4 gxf4 44. gxf4 Kg6 45. Rb7 f5+ 46. Kh4
Kf6 47. Rb6+ Ke7 48. Kg5 Kd7 49. Kf6 Kc7 50. Re6 b4 51. Re5 Kb6 52. Re8 Ka5 53.
Ra8+ Kb5 54. Rb8+ Kc4 55. Rb7 b3 56. Rb8 Rb5 57. Rc8+ Kd3 58. Rc7 b2 0-1

[Event "5th Kolkata Open"]
[Site "Kolkata IND"]
[Date "2012.12.13"]
[Round "11.5"]
[White "Wojtaszek, R."]
[Black "Iordachescu, V."]
[Result "1-0"]
[WhiteElo "2734"]
[BlackElo "2619"]
[PlyCount "45"]
[EventDate "2012.12.03"]
[SourceDate "1999.07.01"]

1. d4 Nf6 2. c4 e6 3. Nf3 b6 4. g3 Ba6 5. Qa4 c6 6. Nc3 b5 7. cxb5 cxb5 8. Nxb5
Qb6 9. Nc3 Bb4 10. Bg2 O-O 11. O-O Bxc3 12. bxc3 Bxe2 13. Re1 Bb5 14. Qc2 d5
15. Ne5 Rc8 16. Rb1 Qa6 17. Qb2 Ba4 18. Qa3 Nbd7 19. Bf1 Qa5 20. Rb4 Nb6 21. f3
Ne8 22. Nd3 Nd6 23. Nb2 1-0

[Event "Czech Coal Match"]
[Site "Podebrady CZE"]
[Date "2012.12.16"]
[Round "8.4"]
[White "Gunina, V."]
[Black "Romanishin, O."]
[Result "1/2-1/2"]
[WhiteElo "2517"]
[BlackElo "2530"]
[PlyCount "43"]
[EventDate "2012.12.08"]
[SourceDate "1999.07.01"]
[WhiteTeam "Snowdrops"]
[BlackTeam "Old Hands"]

1. d4 Nf6 2. c4 e6 3. Nf3 b6 4. g3 Ba6 5. b3 Bb7 6. Bg2 Bb4+ 7. Bd2 a5 8. O-O
O-O 9. Bf4 a4 10. bxa4 d5 11. Qb3 Nc6 12. c5 Ne4 13. a3 Ba5 14. Rc1 Qd7 15. Ne5
Nxe5 16. Bxe5 Bc6 17. f3 Nd2 18. Qe3 Nc4 19. Rxc4 dxc4 20. Bxg7 Kxg7 21. Qg5+
Kh8 22. Qf6+ 1/2-1/2

[Event "Doroshkevicha Mem Open 2012"]
[Site "Sochi RUS"]
[Date "2012.11.29"]
[Round "4"]
[White "Brodsky, M."]
[Black "Papin, V."]
[Result "1-0"]
[WhiteElo "2563"]
[BlackElo "2546"]
[PlyCount "67"]
[EventDate "2012.11.26"]
[SourceDate "1999.07.01"]

1. d4 Nf6 2. c4 e6 3. Nf3 b6 4. g3 Ba6 5. b3 Bb7 6. Bg2 Bb4+ 7. Bd2 c5 8. Bxb4
cxb4 9. O-O O-O 10. Qd3 d6 11. Nbd2 a5 12. Ne1 Bxg2 13. Kxg2 Qc7 14. e4 e5 15.
Nc2 Nc6 16. Rfd1 Rfd8 17. Nf1 Qb7 18. f3 Ne8 19. Nfe3 Nc7 20. Rd2 b5 21. Rad1
g6 22. dxe5 Nxe5 23. Qe2 bxc4 24. Nxc4 Nxc4 25. Qxc4 Nb5 26. Ne3 Nc3 27. Re1
Rac8 28. Qd4 h5 29. Qf6 d5 30. Nf5 gxf5 31. exf5 Re8 32. Qg5+ Kf8 33. Qh6+ Kg8
34. f6 1-0

[Event "Doroshkevicha Mem Open 2012"]
[Site "Sochi RUS"]
[Date "2012.12.03"]
[Round "8"]
[White "Burmakin, V."]
[Black "Brodsky, M."]
[Result "1-0"]
[WhiteElo "2561"]
[BlackElo "2563"]
[PlyCount "103"]
[EventDate "2012.11.26"]
[SourceDate "1999.07.01"]

1. d4 Nf6 2. Nf3 e6 3. c4 b6 4. Bf4 Bb7 5. e3 Be7 6. Nc3 Nh5 7. Bd3 d6 8. Qe2
Nd7 9. O-O-O c5 10. d5 e5 11. Bg3 g6 12. Nd2 a6 13. f3 f5 14. Bf2 Nhf6 15. h4
Qc7 16. h5 O-O-O 17. Bc2 Rdg8 18. hxg6 hxg6 19. g4 fxg4 20. fxg4 Nf8 21. g5
Rxh1 22. Rxh1 N6h7 23. Bh4 Kb8 24. Qg2 Qd8 25. Nde4 Bc8 26. Rf1 Bf5 27. Nf6 Rg7
28. Bxf5 gxf5 29. Nxh7 Nxh7 30. Rxf5 Bxg5 31. Bxg5 Rxg5 32. Qf3 Rxf5 33. Qxf5
Nf6 34. a4 Kc7 35. Kc2 Qe7 36. Qg6 Qf8 37. Kb3 Qe7 38. Qf5 Qg7 39. Qe6 Qf8 40.
Ka2 Qg7 41. Qf5 Qe7 42. Qg6 Qf8 43. Kb3 Qe7 44. Qh6 Qf7 45. Qh8 Ne8 46. Ka2 Qg6
47. Qf8 Kd8 48. Ka3 Kc7 49. Qe7+ Kc8 50. Qa7 Qd3 51. Qxa6+ Kc7 52. Qb5 1-0

[Event "Doroshkevicha Mem Open 2012"]
[Site "Sochi RUS"]
[Date "2012.12.04"]
[Round "9"]
[White "Poluljahov, A."]
[Black "Papin, V."]
[Result "0-1"]
[WhiteElo "2511"]
[BlackElo "2546"]
[PlyCount "72"]
[EventDate "2012.11.26"]
[SourceDate "1999.07.01"]

1. d4 Nf6 2. c4 e6 3. Nf3 b6 4. Nc3 Bb4 5. Bg5 h6 6. Bh4 c5 7. e3 Bb7 8. Bd3
cxd4 9. exd4 Be7 10. O-O O-O 11. Re1 d6 12. Qe2 Nbd7 13. b4 Rc8 14. a3 Re8 15.
Nd2 Qc7 16. Rac1 Qb8 17. Nf1 Qa8 18. Ne3 Bf8 19. Bb1 a6 20. Qd3 g6 21. Bg3 Nh5
22. Rcd1 Rcd8 23. Bh4 Nf4 24. Qf1 Rc8 25. f3 d5 26. c5 bxc5 27. dxc5 a5 28. Bg3
Nh5 29. Nc2 Nxg3 30. hxg3 Ba6 31. Ne2 e5 32. Ba2 d4 33. Qf2 axb4 34. f4 Nxc5
35. Nxb4 Ne4 36. Qf3 Bxe2 0-1

[Event "Russia Cup Final 2012"]
[Site "Khanty-Mansiisk RUS"]
[Date "2012.12.09"]
[Round "3.2"]
[White "Khismatullin, D."]
[Black "Bocharov, D."]
[Result "1-0"]
[WhiteElo "2647"]
[BlackElo "2620"]
[PlyCount "159"]
[EventDate "2012.12.04"]
[SourceDate "1999.07.01"]

1. d4 Nf6 2. c4 e6 3. Nf3 b6 4. g3 Bb7 5. Bg2 c5 6. d5 exd5 7. Ng5 h6 8. Nh3
Qc8 9. cxd5 d6 10. Nc3 Be7 11. O-O Nbd7 12. f4 O-O 13. e4 Re8 14. Nf2 a6 15.
Re1 Qb8 16. b3 b5 17. Bb2 Bd8 18. h4 Bb6 19. g4 c4 20. g5 Qa7 21. Rf1 hxg5 22.
hxg5 b4 23. gxf6 Nxf6 24. Na4 c3 25. Bxc3 bxc3 26. Nxb6 Qxb6 27. Qd3 Rac8 28.
Rac1 a5 29. Rfd1 Nh5 30. Qf3 Nf6 31. Qd3 Qb4 32. Rc2 a4 33. Qd4 Qa5 34. b4 Qc7
35. Bh3 Rb8 36. Rxc3 Qd8 37. Kh2 Bc8 38. e5 Nh5 39. Rg1 Qh4 40. e6 fxe6 41.
dxe6 Bxe6 42. Rc7 Bf7 43. Rxf7 Kxf7 44. Rg4 Qf6 45. Qd5+ Kf8 46. Qxh5 Rxb4 47.
Nd3 Re2+ 48. Bg2 Rbe4 49. Rg6 Qf7 50. Qh8+ Qg8 51. Qh4 Rd4 52. Qd8+ Re8 53.
Rf6+ gxf6 54. Qxf6+ Qf7 55. Qxd4 Qxa2 56. Qxd6+ Kg7 57. Ne5 Qe6 58. Qd4 Qf6 59.
Kg3 a3 60. Bd5 Kh7 61. Bc4 Kg7 62. Qd7+ Kf8 63. Qd5 Kg7 64. Kf3 Kh8 65. Qd4 Kg7
66. Qg1+ Kh7 67. Qa7+ Qe7 68. Qb6 Qg7 69. Bd3+ Kh8 70. Qc6 Rd8 71. Bc4 Rb8 72.
Qd6 Ra8 73. Ba2 Rc8 74. Nf7+ Kh7 75. Ng5+ Kh8 76. Qe6 Qb7+ 77. Kg4 Qg2+ 78. Kh5
Qh1+ 79. Kg6 Qc6 80. Nf7+ 1-0

[Event "Russia Cup Final 2012"]
[Site "Khanty-Mansiisk RUS"]
[Date "2012.12.10"]
[Round "4.1"]
[White "Socko, B."]
[Black "Khismatullin, D."]
[Result "1-0"]
[WhiteElo "2631"]
[BlackElo "2647"]
[PlyCount "139"]
[EventDate "2012.12.04"]
[SourceDate "1999.07.01"]

1. d4 Nf6 2. c4 e6 3. Nf3 b6 4. a3 Bb7 5. Nc3 d5 6. Bg5 Be7 7. Qa4+ c6 8. Bxf6
Bxf6 9. cxd5 exd5 10. g3 O-O 11. Bg2 Na6 12. O-O c5 13. Rad1 Qe7 14. Rfe1 cxd4
15. Nxd4 Nc5 16. Qc2 Rfd8 17. Nf5 Qe6 18. Nd4 Qe7 19. b4 Ne6 20. Nxe6 fxe6 21.
Nb5 Rac8 22. Qb3 Qd7 23. Nd4 e5 24. Nc2 Qf7 25. Bh3 Rc6 26. b5 Rcd6 27. Nb4 e4
28. Rc1 Bd4 29. e3 Bc5 30. Red1 Rf8 31. Rd2 Kh8 32. Nc6 a6 33. a4 axb5 34. axb5
Qh5 35. Bg2 Bc8 36. Nd4 Bh3 37. Qd1 Bg4 38. Qb3 Rh6 39. h4 Bf3 40. Nxf3 exf3
41. Rxd5 Qg4 42. Rc4 Qe6 43. Bxf3 Rhf6 44. Re4 Qg8 45. Rf4 Rxf4 46. exf4 Rd8
47. Qd3 Rxd5 48. Bxd5 Qd8 49. Qf5 Qf8 50. Qe6 g6 51. Qe5+ Qg7 52. Kg2 Qxe5 53.
fxe5 Kg7 54. f4 Be7 55. Kf3 h5 56. Bc6 Kf7 57. Bd5+ Kg7 58. Bc6 Kf7 59. Bd7 Bd8
60. Bh3 Be7 61. Bf1 Bd8 62. Be2 Be7 63. Ke4 Kg7 64. f5 gxf5+ 65. Kxf5 Bb4 66.
Bxh5 Be1 67. e6 Kf8 68. Kf4 Ke7 69. Bf7 Kf6 70. Ke4 1-0

[Event "22nd TCh-SLO 2012"]
[Site "Slovenia SLO"]
[Date "2012.12.09"]
[Round "9"]
[White "Kozul, Z."]
[Black "Kovacevic, A."]
[Result "1-0"]
[WhiteElo "2638"]
[BlackElo "2560"]
[PlyCount "69"]
[EventDate "2012.11.23"]
[SourceDate "1999.07.01"]
[WhiteTeam "ZSK Maribor"]
[BlackTeam "SD dr. Milan Vidmar LJ"]

1. d4 Nf6 2. Nf3 e6 3. c4 b6 4. a3 Bb7 5. Nc3 d5 6. cxd5 Nxd5 7. Qc2 Nxc3 8.
bxc3 Nd7 9. e4 c5 10. Bd3 Qc7 11. Qb1 Be7 12. O-O cxd4 13. cxd4 O-O 14. Bd2
Rac8 15. a4 a6 16. Re1 Rfd8 17. Bb4 Bxb4 18. Qxb4 Qc3 19. Qb1 h6 20. Ra2 Qa5
21. Bf1 Rc3 22. h3 Rdc8 23. Nd2 Qg5 24. Qb4 Rc1 25. Rxc1 Rxc1 26. Qd6 Bxe4 27.
Nxe4 Rxf1+ 28. Kxf1 Qc1+ 29. Ke2 Qc4+ 30. Kf3 Qb3+ 31. Kg4 f5+ 32. Kh5 Qxa2 33.
Qxd7 fxe4 34. Kg6 Qxf2 35. Qxg7# 1-0

[Event "TCh-HUN 2012-13"]
[Site "Paks HUN"]
[Date "2012.12.02"]
[Round "5"]
[White "Berkes, F."]
[Black "Kovacevic, A."]
[Result "1-0"]
[WhiteElo "2685"]
[BlackElo "2549"]
[PlyCount "101"]
[EventDate "2012.09.16"]
[SourceDate "1999.07.01"]
[WhiteTeam "ASE Paks"]
[BlackTeam "ASS-Makoi SVSE"]

1. d4 Nf6 2. c4 e6 3. Nf3 b6 4. g3 Bb7 5. Bg2 Be7 6. Nc3 Ne4 7. Bd2 Bf6 8. O-O
O-O 9. Rc1 c5 10. dxc5 bxc5 11. Qb3 Qb6 12. Bf4 Nxc3 13. bxc3 Nc6 14. Rfd1 Na5
15. Qc2 Bc6 16. Nd2 Bxg2 17. Kxg2 Qc6+ 18. Kg1 Rfd8 19. Rb1 d6 20. Qb2 Rd7 21.
Qb5 Qxb5 22. Rxb5 Bxc3 23. Ne4 a6 24. Rxc5 dxc5 25. Rxd7 Bb4 26. Nd6 f6 27. Be3
h6 28. Re7 Nc6 29. Rxe6 Nd4 30. Bxd4 cxd4 31. Kg2 a5 32. Re8+ Rxe8 33. Nxe8 Kf7
34. Nc7 Ke7 35. Nb5 Bc5 36. g4 Ke6 37. Kf3 Ke5 38. Nc7 Ba3 39. h3 Bc1 40. c5 g6
41. h4 Bb2 42. h5 gxh5 43. gxh5 Bc3 44. Kg4 f5+ 45. Kf3 a4 46. Na8 Kd5 47. Nb6+
Kxc5 48. Nxa4+ Kb5 49. Nxc3+ dxc3 50. Ke3 Kc4 51. f4 1-0

[Event "Bundesliga 2012-13"]
[Site "Baden Baden GER"]
[Date "2012.12.08"]
[Round "5"]
[White "Shirov, A."]
[Black "Navara, D."]
[Result "1/2-1/2"]
[WhiteElo "2718"]
[BlackElo "2722"]
[PlyCount "77"]
[EventDate "2012.10.20"]
[EventType "team"]
[SourceDate "1999.07.01"]
[WhiteTeam "OSC Baden-Baden"]
[BlackTeam "SV Muelheim-Nord"]

1. d4 Nf6 2. c4 e6 3. Nf3 b6 4. g3 Bb4+ 5. Bd2 Bxd2+ 6. Qxd2 Ba6 7. b3 d5 8.
Bg2 c6 9. Ne5 Nfd7 10. f4 O-O 11. Nc3 Nxe5 12. fxe5 Nd7 13. cxd5 cxd5 14. e4
dxe4 15. Nxe4 f6 16. O-O-O Bb7 17. exf6 Nxf6 18. Rhe1 Bxe4 19. Bxe4 Nxe4 20.
Rxe4 Rc8+ 21. Kb2 Rc6 22. Qe2 Qd7 23. Re1 Kh8 24. Kb1 a5 25. Rxe6 Rxe6 26. Qxe6
Qxd4 27. Qe3 Qd6 28. a4 Qb4 29. Rc1 b5 30. axb5 Qxb5 31. Rc5 Qf1+ 32. Kb2 h6
33. Rxa5 Qg2+ 34. Ka3 Qxh2 35. Re5 Ra8+ 36. Kb4 Rb8+ 37. Ka3 Ra8+ 38. Kb4 Rb8+
39. Ka3 1/2-1/2

[Event "Bundesliga 2012-13"]
[Site "Baden Baden GER"]
[Date "2012.12.09"]
[Round "6"]
[White "Bacrot, E."]
[Black "Kryvoruchko, Y."]
[Result "1/2-1/2"]
[WhiteElo "2705"]
[BlackElo "2679"]
[PlyCount "91"]
[EventDate "2012.10.20"]
[EventType "team"]
[SourceDate "1999.07.01"]
[WhiteTeam "OSC Baden-Baden"]
[BlackTeam "SF Katernberg"]

1. d4 Nf6 2. c4 e6 3. Nf3 b6 4. g3 Bb7 5. Bg2 Be7 6. O-O O-O 7. Re1 d5 8. cxd5
exd5 9. Nc3 Nbd7 10. Bf4 c5 11. dxc5 Nxc5 12. Rc1 Nfe4 13. Be5 a5 14. Bh3 Bc8
15. Bxc8 Nxc3 16. Rxc3 Rxc8 17. Qd4 f6 18. Bf4 Qd7 19. Rec1 Rfd8 20. Be3 Bf8
21. Qd1 Re8 22. Bd4 Rb8 23. Kg2 Red8 24. Qc2 Ne6 25. Rd1 Nc5 26. Be3 Rbc8 27.
Rc1 Rb8 28. Bf4 Rb7 29. Nd4 Re8 30. Be3 Rbb8 31. Qf5 Qf7 32. R3c2 Rbd8 33. Qf3
Rd7 34. Nf5 Re4 35. Rd2 g6 36. Nd4 f5 37. Nb5 Rb4 38. Nd4 Rc4 39. Rdc2 Ne4 40.
b3 Rxc2 41. Rxc2 Bc5 42. Qf4 Qe8 43. f3 Bd6 44. Qh6 Bf8 45. Qf4 Bd6 46. Qh6
1/2-1/2